Personnages historiques des albums de Lucky Luke - Statistiques

Statistiques générales
  • Ce quiz a été pris 35 fois
  • Le résultat moyen est 13 sur 52
Statistiques - réponses
Indice 1 Indice 2 Indice 3 Indice 4 Prénom et nom ou surnom % Correct
Républicain Président Assassiné 1809-1865 Abraham Lincoln
91%
Bisons Spectacle Rosa Bonheur 1846-1917 William Frederick Cody | Buffalo Bill
91%
Eclaireur Wild West show Femme 1852-1903 Calamity Jane | Martha Jane Canary
88%
Confédéré 2 Frères Attaques de trains et de banques 1847-1882 Jesse James | Jesse Michael Josepher Woodson James
88%
4 frères Marshall Coffeyville 1869-1892 Robert Rennick Dalton | Bob Dalton
79%
4 frères 23 balles A joué son propre rôle 1871-1937 Emmett Dalton
76%
4 frères Marshall Coffeyville 1861-1892 Gratton Hanley Dalton | Grat Dalton
76%
4 frères Longview Abattu 1863-1894 Mason Frakes Dalton | Bill Dalton
76%
Précoce Nouveau-Mexique Comté de Lincoln 1859-1881 William Henry Bonney | Billy the Kid | William Henry McCarty
58%
Confédéré 2 Frères Hors-la-loi 1843-1915 Frank James | Alexander Franklin James
52%
Général Union Président 1822-1885 Ulysses S. Grant
48%
Ingénieur Français Tour 1832-1923 Gustave Eiffel
39%
Barman Juge Chihuahua 1825-1903 Roy Bean
39%
Ecrivain Militaire Sawyer 1835-1910 Samuel Langhorne Clemens | Mark Twain
39%
Bisons 3 frères OK Corral 1848-1929 Wyatt Earp | Wyatt Berry Stapp Earp
33%
Romancier Journaliste Croc blanc 1876-1916 Jack London | John Griffith Chaney
30%
Française Divine Actrice 1844-1923 Sarah Bernhardt
30%
Tombstone 3 frères OK Corral 1851-1882 Morgan Seth Earp | Morgan Earp
27%
Tombstone 3 frères Marshall 1843-1905 Virgil Walter Earp | Virgil Earp
27%
Attaques de diligences Wells Fargo Poète 1829-1888 Charles Earl Bolles Eastwood | Black Bart
24%
Escroc Soap Gang Skagway 1860-1898 Jefferson Randolph Smith | Soapy Smith
21%
Français Poéte Exilé 1802-1885 Victor Hugo
21%
Policier Agence Détective 1819-1884 Allan Pinkerton
18%
Utah Mormon Salt Lake City 1801-1877 Brigham Young
15%
Missouri Gang Cousin des Dalton 1844-1916 Cole Younger | Thomas Coleman Younger
15%
Colmar Statue de la Liberté Sculpteur 1834-1904 Frédéric Auguste Bartholdi
15%
Lieutenant-general Lord Scouts 1857-1941 Robert Baden-Powell
12%
Arkansas Shérif Noir 1838-1910 Bass Reeves
9%
3 frères Tombstone OK Corral 1862-1881 Billy Clanton | William Harrison Clanton
9%
3 frères Tombstone OK Corral 1847-1887 Ike Clanton | Joseph Isaac Clanton
9%
Poker Médecin OK Corral 1851-1887 John Henry Holliday | Doc Holliday
9%
Gang Assassinée Hors-la-loi 1848-1889 Myra Maybelle Starr | Belle Starr
9%
Ranch Massacre Hors-la-loi 1816-1881 Newman Haynes Clanton | Old man Clanton
9%
3 frères Tombstone OK Corral 1843-1906 Phineas Clanton | Phineas Fay Clanton
9%
Show wild west Tir Filmée en 1894 1860-1926 Annie Oakley | Phoebe Ann Mosey
6%
Inventeur Pétrole Titusville 1819-1880 Edwin Drake | Colonel Drake
6%
Yale Far west Peintre 1861-1909 Frederic Remington | Frederic Sackrider Remington
6%
Fort Smith Cour fédérale Juge 1838-1896 Isaac Charles Parker | Isaac Parker
6%
Forain Curiosités Greatest Show on Earth 1810-1891 Phineas Taylor Barnum | Barnum
6%
Turc Méhariste Far west 1828-1902 Hi Jolly | Hadji Ali
3%
Journaliste New York Républicain 1811-1872 Horace Greeley
3%
Compositeur Pianiste Noir 1868-1917 Scott Joplin
3%
Français Journaliste Prix 1884-1932 Albert Londres
0%
Russe Grand duc Alexandre II 1850-1908 Alexis Alexandrovitch Romanov | Alexis
0%
Parker Fort Smith Prince des bourreaux 1830-1911 George Maledon
0%
Ingénieur Capitaine Pont sur le Mississipi 1820-1887 James Buchanan Eads | James Eads
0%
Allemand San Francisco Jean 1829-1902 Levi Strauss
0%
Prostituée Denver House of Mirrors 1846-1929 Martha Ready | Mattie Silks
0%
Républicain Président Major-général 1822-1893 Rutherford Birchard Hayes
0%
Romancier Journaliste Gouverneur 1878-1968 Upton Beall Sinclair | Upton Sinclair
0%
Traité de Fort Laramie Chef Shoshone Washakie
0%
1860 Chevaux Courrier William Hepburn Russell
0%
Aucun quiz correspondant
Distribution des résultats
% des personnes avec chaque résultat
Percentile par nombre de réponses
Votre historique - résultats
Vous n’avez pas pris ce quiz